Vybrané možnosti a problémy uplatňení pupilometrie v marketingu

Podstata a využitie pupilometrie v marketingu. Druhy pupilometrie, praktické návrhy a predpoklady využitia v marketingu. Návrh postupu experimentu s pupilometriou a využitím očnej kamery. Praktické problémy, ktoré je nutné pri experimentovaní eliminovať.

Na minha lista:
Detalhes bibliográficos
Autor principal: Červenka, Petr
Outros Autores: Naščáková, Jana
Formato: Capítulo de Livro
Idioma:tcheco
Assuntos:
Tags: Adicionar Tag
Sem tags, seja o primeiro a adicionar uma tag!

MARC

LEADER 00000nla a2200000 4500
001 0181308
005 20240502073118.0
041 0 |a cze 
044 |a SK 
245 1 0 |a Vybrané možnosti a problémy uplatňení pupilometrie v marketingu  |c Petr Červenka, Jana Naščáková 
520 |a Podstata a využitie pupilometrie v marketingu. Druhy pupilometrie, praktické návrhy a predpoklady využitia v marketingu. Návrh postupu experimentu s pupilometriou a využitím očnej kamery. Praktické problémy, ktoré je nutné pri experimentovaní eliminovať. 
610 2 0 |a marketing 
610 2 0 |a veda 
610 2 0 |a emócie 
610 2 0 |a výskum 
610 2 0 |a spotrebitelia 
100 1 |a Červenka, Petr 
700 1 |a Naščáková, Jana